书目信息 |
| 题名: |
有效沟通
|
|
| 作者: | Arredondo , 兰妮·阿里顿多 编著 ;杨大鹏 , 桑瑜 , 屈云波 译 | |
| 分册: | ||
| 出版信息: | 北京 企业管理出版社 2001.5 |
|
| 页数: | 310, 19页 | |
| 开本: | 21cm | |
| 丛书名: | 派力营销思想库 | |
| 单 册: | ||
| 中图分类: | C912.1 , F272.9 | |
| 科图分类: | ||
| 主题词: | 人间交往--基本知识 , 人间交往 , 企业经济 | |
| 电子资源: | ||
| ISBN: | 7-80147-530-5 | |
| 000 | 01081nam2 2200349 45 | |
| 001 | 012004000000 | |
| 005 | 20041110153749.07 | |
| 010 | @a7-80147-530-5@dCNY 25.00 | |
| 100 | @a20040729d2001 em y0chiy0121 ea | |
| 101 | 1 | @achi@ceng |
| 102 | @aCN@b110000 | |
| 105 | @ay z 000yy | |
| 200 | 1 | @a有效沟通@Ayou xiao gou tong@f(美)兰妮·阿里顿多著@F(mei)lan ni·a li dun duo zhu@g杨大鹏, 桑瑜译 |
| 210 | @a北京@c企业管理出版社@d2001.5 | |
| 215 | @a310, 19页@d21cm | |
| 225 | 2 | @a派力营销思想库@v9@f屈云波主编 |
| 312 | @a封面并列题名: Communicating effectively | |
| 320 | @a本书含附录 | |
| 410 | 0 | @12001 @a派力营销思想库 |
| 510 | 1 | @aCommunicating effectively@zeng |
| 606 | 0 | @a人间交往@x基本知识 |
| 606 | 0 | @a人间交往 |
| 606 | 0 | @a企业经济 |
| 690 | @aC912.1@v4 | |
| 690 | @aF272.9@v3 | |
| 701 | 1 | @aArredondo@bLani@4编著 |
| 701 | 0 | @a兰妮·阿里顿多@Alan ni·a li dun duo@4著 |
| 702 | 0 | @a杨大鹏@Ayang da peng@4译 |
| 702 | 0 | @a桑瑜@Asang yu@4译 |
| 702 | 0 | @a屈云波@Aqu yun bo@4主编 |
| 801 | 0 | @aCN@bQSSKxf@c20041110 |
| 905 | @a10447@dF272.9@eL036 | |
| 有效沟通/(美)兰妮·阿里顿多著/杨大鹏, 桑瑜译.-北京:企业管理出版社,2001.5 |
| 310, 19页;21cm.-(派力营销思想库;9/屈云波主编) |
| ISBN 7-80147-530-5:CNY 25.00 |
| ● |
| 相关链接 |
|
|
|
正题名:有效沟通
索取号:F272.9/L036
 
预约/预借
| 序号 | 登录号 | 条形码 | 馆藏地/架位号 | 状态 | 备注 |
| 1 | 426603 | 204266034 | 社科库409/409社科库 88排3列3层/ [索取号:F272.9/L036] | 在馆 | |
| 2 | 426604 | 204266043 | 社科库409/409社科库 88排3列3层/ [索取号:F272.9/L036] | 在馆 | |
| 3 | 426605 | 204266052 | 社科库409/409社科库 88排3列3层/ [索取号:F272.9/L036] | 在馆 |